000
00315nam a22001217a 4500
999
_c
9610
_d
9610
003
OSt
008
201210b ||||| |||| 00| 0 eng d
245
_a
Seminar
250
_a
2009(Jan, Feb, Jul, Nov, Aug, Oct, Dec)
260
_a
New Delhi
_b
AFL Pvt. Ltd. (Malvika Singh)
650
_a
Applied Science
942
_2
ddc
_c
BV